MDQL
is popping MORE tags! Check the
thread
!
Quizzes
Events
Quiz Creation
Community
Videos
Private Events
Remove Ads
Sign In
Join for FREE
Feedback
Dark Mode
Quiz Categories
Sports
Geography
Music
Movies
Television
Just For Fun
Miscellaneous
History
Literature
Language
Science
Gaming
Entertainment
Religion
Holiday
For Kids
Quiz Lab
Recent
Popular Today
Quiz Kudos Today
Editor Picks
Curator Picks
Quizzes by...
Day
Popularity
Type
Ratings
Length
Year
Community
Subscriptions
Recent Discussions
Orange Saloon
Badges
Playlists
Quests
Create
Leaderboards
Showdown
Live 5
Trivia Bingo
Activity
Puzzle Library
Sporcle Events
Private Events
Virtual Trivia
Globe League
Become a Host
Pub Owners
SporcleCon
Opinionation
Our Games
Videos
Blog
Mobile Apps
Partnerships
Remove Ads and Go Orange
Feedback
Music
Pop Music
The Beatles
Song
Album
Lyrics
Bands
Singers
Artist
Clip
Rock
Rap
Classical
Billboard
Country Music
Kpop
Taylor Swift
Music
Pop Music
The Beatles
Song
Album
Lyrics
Bands
Singers
Artist
Clip
Rock
Rap
Classical
Billboard
Country Music
Kpop
Taylor Swift
Random Quiz
Search Sporcle
×
Quiz Lab
Quiz Lab
Music
Song
Type in answers that appear in a list
Type in answers that appear in a list
Classic
Best Score? Go Orange.
Lyrics to this song Stats
Can you name the lyrics to this song?
By
kotten
10m
196 Questions
168 Plays
168 Plays
168 Plays
Comments
Comments
Give Quiz Kudos
Give Quiz Kudos
-
- Ratings
hide this ad
More Info
Replay
Link that replays current quiz
Next Quiz
Link to next quiz in quiz playlist
You Got
0%
They Got
Avg Score
36%
Avg Friend Score
Upgrade to see
Score Distribution
Jump to the score distribution portion of the page
Score
0/196
Timer
10:00
0
Plays Today
% Correct
And
98.8%
and
98.8%
the
98.8%
the
98.8%
and
98.8%
the
98.8%
and
98.8%
the
98.8%
the
98.8%
and
98.8%
and
98.8%
the
98.8%
the
98.8%
you
95.2%
you
95.2%
you
95.2%
you
95.2%
you
95.2%
you
95.2%
me
76.2%
me
76.2%
me
76.2%
to
75%
to
75%
to
75%
to
75%
it
74.4%
it.
74.4%
I
64.9%
I
64.9%
I
64.9%
I
64.9%
I
64.9%
I
64.9%
we
64.9%
I
64.9%
go
64.9%
I
64.9%
I
64.9%
I
64.9%
go
64.9%
I
64.9%
go
64.9%
I
64.9%
I
64.9%
can
62.5%
can
62.5%
can
62.5%
can
62.5%
can
62.5%
can
62.5%
where
61.9%
of
61.3%
if
54.2%
that
54.2%
that
54.2%
for
53%
You're
45.2%
can't
42.9%
don't
41.7%
I'm
41.1%
I'm
41.1%
I'm
41.1%
Tell
40.5%
We're
39.9%
all
39.9%
% Correct
all
39.9%
We're
39.9%
We're
39.9%
all
39.9%
We're
39.9%
We're
39.9%
time
37.5%
time
37.5%
was
36.9%
It's
36.3%
it's
36.3%
know
36.3%
it's
36.3%
It's
36.3%
know
36.3%
know
36.3%
It's
36.3%
It's
36.3%
from
35.1%
now
33.3%
now
33.3%
Now
33.3%
now
33.3%
now
33.3%
now
33.3%
now
33.3%
our
32.7%
Just
32.7%
had
31.5%
had
31.5%
had
31.5%
let
31%
let
31%
let
31%
let
31%
I'll
29.2%
I'll
29.2%
I'll
29.2%
I'll
29.2%
take
27.4%
them
25.6%
them
25.6%
them
25.6%
never
24.4%
never
24.4%
never
24.4%
went
22.6%
off
21.4%
off
21.4%
off
21.4%
off
21.4%
off
21.4%
off
21.4%
well
20.2%
feel
20.2%
feel
20.2%
feel
20.2%
feel
20.2%
Well
20.2%
feel
20.2%
feel
20.2%
show
18.5%
without
17.9%
away
17.9%
without
17.9%
without
17.9%
% Correct
without
17.9%
without
17.9%
without
17.9%
without
17.9%
nothing
16.1%
Cause
14.9%
spent
11.9%
spent
11.9%
days
11.3%
alone
11.3%
alone
11.3%
might
10.7%
there's
10.7%
lie
9.5%
fall
8.9%
home
8.9%
Tonight
8.3%
better
8.3%
better
8.3%
better
8.3%
better
8.3%
better
8.3%
better
8.3%
Feeling
7.7%
feeling
7.7%
feeling
7.7%
feeling
7.7%
again
6.5%
hope
6%
else
6%
break
5.4%
getting
5.4%
getting
5.4%
getting
5.4%
getting
5.4%
getting
5.4%
getting
5.4%
fear
4.8%
fear
4.8%
losing
4.2%
asleep
3.6%
pressure
3.6%
pressure
3.6%
pressure
3.6%
pressure
3.6%
pressure
3.6%
pressure
3.6%
awake
3%
Somethings
3%
sitting
3%
Somethings
3%
Somethings
3%
sitting
3%
empty
2.4%
empty
2.4%
closer
2.4%
closer
2.4%
empty
2.4%
closer
2.4%
closer
2.4%
empty
2.4%
closer
2.4%
closer
2.4%
carried
1.8%
Quiz Playlist
Details
Report
Send in Message
Add To Playlist
More Info:
* put a space after i, or it won't show up
Classic:
Type in answers that appear in a list
Last Updated: Feb 16, 2017
Quiz Scoreboard
CHALLENGE
Sign Up to Join the Scoreboard
Show All
Scores
Hide
Comments
May contain spoilers
Recently Published
1-10 Letter E Words III
by El_Dandy
Language
2m
Street Fighter Characters
by Artimus82
Gaming
60s
College Basketball Coaching Resumes
by pancakes188
Sports
9m
More to Explore
Quiz From the Vault
Featured Blog Post
Where Did the Easter Bunny Come From?
hide this ad
You Might Also Like...
Tags
Lyrics Quiz
Song Quiz
Today's Top Quizzes in Music
Browse Music
hide this ad
Today's Top Quizzes in Song
Browse Song
Top Contributed Quizzes in Music
1
Taylor Swift All Songs (2024)
2
Taylor Swift Logic Puzzle
3
Guess the Artist- 70s Songs
4
7-to-1: Billboard Hot 100 #1 Hits of 2010s
5
Sorting Albums and Songs
6
KPOP LOGIC QUIZ
7
Billboard Blitz: Aretha Franklin
8
Guess the Taylor Swift song (Mystery Song)
9
Guess The Taylor Swift Lyrics Song #1
10
Billboard Blitz: ABBA
Explore More
Trending Topics
NBA
Disney
Marvel
Kpop
Anime
Harry Potter
Crossword
Puzzle
Pokémon
Soccer
The Office
Country
Song
NFL
WWE
hide this ad
More By:
kotten
Quiz
Plays
Rating
Category
Featured
Created
Rest of the Jumanji Riddles
708
3.40
Movies
Apr 3, 2010
Movie Taglines 5
400
Movies
Oct 16, 2009
lyrics to this song
168
2.00
Music
May 19, 2010
Go to Creator's Profile
Score Distribution
Quiz Creator Spotlight
kotten
Follow
Send a Message
Quizzes Created
-
Created Quiz Play Count
-
More By This Creator
Popular Quizzes Today
1
Find the US States - No Outlines Minefield
2
Find the Countries of Europe - No Outlines Minefield
3
The Countries of the World
4
Find the US States
5
Risky Map Clicking: Biggest States A-Z
6
US States
7
Popular People in 1961
8
Movies - When Are They Set?
More Music Quizzes
Similar Song Titles
Published
Trending Quizzes
Risky Map Clicking: Least Populous States A-Z
1-10 Letter G Words
Countries of the World: 200 Million BC
1-10 Letter F Words
Risky Map Clicking: Next State Alphabetically
Recently Updated
Rides in Walt Disney World
pecheneg
Most Oscar Losses (Acting)
pecheneg
Beyoncé Albums
pecheneg
Leaping Animals
pecheneg
Reality TV Shows (A-Z)
bhenderson79
Rickey Henderson's Hall of Fame Teammates
pecheneg
Champions League XIs: Arsenal
pecheneg
Quick Pick: Celebrities in WWE's Hall of Fame
aduchscher
A-Z Keypad Blitz II
pecheneg
Multiple Oscar Actors
pecheneg
Trending Topics
NBA
Marvel
Harry Potter
Disney
Kpop
Anime
Crossword
Soccer
NFL
The Office
Puzzle
Song
Pokémon
Country
WWE
Your Account Isn't Verified!
In order to create a playlist on Sporcle, you need to verify the email address you used during registration. Go to your
Sporcle Settings
to finish the process.
Report this User
Report this user for behavior that violates our
Community Guidelines
.
Details:
Send Report
Go to the Sporcle.com Mobile Site →
Comments